000
00330nam a22001457a 4500
003
OSt
008
201120b ||||| |||| 00| 0 eng d
100
_a
DASS,H
245
_a
Mathematical Physics
260
_a
New Delhi
_b
S.Chand
_c
2019
300
_a
1416
650
_a
B.Sc Non Medical
700
_a
VERMA,Rama
942
_2
ddc
_c
BK
999
_c
9283
_d
9283